000 00977nam a2200265 i 4500
001 bg
100 1 _aGRZESIAK, Stefan
245 1 0 _aMetody ilościowe w badaniu efektywności ekonomicznej przedsiębiorstw /
_cStefan Grzesiak.
260 _aSzczecin :
_bWydaw. Naukowe US,
_c1997.
300 _a330 s. :
_bwykr. ;
_c24 cm.
490 1 _aRozprawy i Studia / Uniwersytet Szczeciński,
_x0860-2751 ;
_vt. 266
500 _aNa s. tyt. także t. 340 oznaczający nr kolejny serii Rozprawy i Studia do nr 74 wydawanej przez WSP w Szczecinie.
504 _aBibliogr. s. 311-324. - Zsfassung.
650 9 _aDecyzje
_xgospodarka
650 9 _aEkonometria
650 9 _aPrzedsiębiorstwo
_xekonomika
_xbadanie
830 0 _aRozprawy i Studia (Uniwersytet Szczeciński) ;
_vt. 266
020 _a8387341290
040 _cBPK
041 0 _apl
_bde
080 _a658.1/.5.011:330.45:519.86
920 _a83-87341-29-0
942 _cKS
008 s pl f |000 0 pol
999 _c31731
_d31731
856 _uhttp://koha.tu.koszalin.pl/cgi-bin/koha/opac-detail.pl?biblionumber=31731
_yKatalog online BPK